| 000 | 00654cam a22002293a 4500 | ||
|---|---|---|---|
| 001 | 30423 | ||
| 003 | PGUSA | ||
| 005 | 20140828083646.0 | ||
| 008 | 091108s2009||||xxu|||||s|||||000 | eng d | ||
| 040 |
_aPGUSA _beng |
||
| 042 | _adc | ||
| 050 | 4 | _aTK | |
| 100 | 1 | _aLebert, Marie | |
| 245 | 1 | 0 |
_aL'Internet et les langues _h[electronic resource] / _cMarie Lebert |
| 260 |
_bProject Gutenberg, _c2009 |
||
| 506 | _aCopyrighted. Read the copyright notice inside this book for details. | ||
| 516 | _aElectronic text | ||
| 653 | _aWorld Wide Web | ||
| 830 | 0 |
_aProject Gutenberg _v30423 |
|
| 856 | 4 | 0 | _uhttp://www.gutenberg.org/ebooks/30423 |
| 942 | _cEB | ||
| 999 |
_c259678 _d259678 |
||